| 000 | 00762nam a2200253Ia 4500 | ||
|---|---|---|---|
| 001 | Z_5890 | ||
| 003 | CHAP | ||
| 008 | 220113s2009 xx 000 0 und d | ||
| 010 | _a169099 | ||
| 040 | _cCHAP | ||
| 090 | _aTesis H 2158 | ||
| 100 |
_aHernández Aquino,Saúl _9125893 |
||
| 245 |
_aSanidad microbiológica de dos tipos de carne orgánica (Pavo y Res),tianguis orgánico Chapingo / _cSaúl Hernández Aquino. |
||
| 260 |
_aChapingo,Méx. : _bEl autor, _c2009 |
||
| 300 | _a88 h. | ||
| 502 | _aTesis (Ing.Agr.Esp.en Zootecnia).UACH. Departamento de Zootecnia. | ||
| 520 | _a1.Microbiología de la carne 2.Sanidad 3.Productos Orgánicos | ||
| 901 | _aTESIS H 2158 | ||
| 902 | _aM | ||
| 910 | _a2009 | ||
| 942 | _c2 | ||
| 942 | _c2 | ||
| 999 |
_c169099 _d169099 |
||